[Event "Brno Duras op-B"]
[Site "Brno"]
[Date "2010.??.??"]
[Round "3"]
[White "Kotrys, Tomas"]
[Black "Osvath, Zoltan"]
[Result "0-1"]
[WhiteElo "1000"]
[BlackElo "1891"]
[PlyCount "52"]
[EventDate "2010.06.27"]
[EventType "swiss"]
[EventRounds "9"]
[EventCountry "CZE"]
[SourceTitle "EXT 2011"]
[Source "ChessBase"]
[SourceDate "2010.11.26"]
[SourceVersion "1"]
[SourceVersionDate "2010.11.26"]
[SourceQuality "1"]

1. e4 c6 2. d4 d5 3. Nc3 dxe4 4. Nxe4 Nd7 5. Bc4 Ngf6 6. Ng5 e6 7. N5f3 Qc7 8. Be3 Nb6 9. Bb3 Nbd5 10. Bc1 Bd6 11. Ne2 0-0 12. Ng3 b6 13. c3 Bb7 14. Bg5 h6 15. Bxf6 Nxf6 16. Qd3 c5 17. 0-0 Rad8 18. Rfe1 Rfe8 19. c4 Bxg3 20. hxg3 Bxf3 21. gxf3 Rxd4 22. Qe2 Red8 23. Rad1 e5 24. Bc2 Qd6 25. Rxd4 exd4 26. a4 d3 0-1

[Event "Brno Duras op-B"]
[Site "Brno"]
[Date "2010.??.??"]
[Round "4"]
[White "Skula, Jindrich"]
[Black "Kotrys, Tomas"]
[Result "1-0"]
[WhiteElo "1653"]
[BlackElo "1000"]
[PlyCount "107"]
[EventDate "2010.06.27"]
[EventType "swiss"]
[EventRounds "9"]
[EventCountry "CZE"]
[SourceTitle "EXT 2011"]
[Source "ChessBase"]
[SourceDate "2010.11.26"]
[SourceVersion "1"]
[SourceVersionDate "2010.11.26"]
[SourceQuality "1"]

1. e4 c6 2. Nc3 d5 3. Nf3 dxe4 4. Nxe4 Nd7 5. d4 Ngf6 6. Bd3 Nxe4 7. Bxe4 Nf6 8. Qd3 Nxe4 9. Qxe4 e6 10. 0-0 Bd6 11. Bg5 Be7 12. Bxe7 Qxe7 13. Rfe1 0-0 14. Re3 h6 15. Ne5 f5 16. Qf3 Qg5 17. Qg3 Qxg3 18. Rxg3 g5 19. f4 g4 20. h3 h5 21. h4 Rd8 22. Rd3 Bd7 23. Re1 Be8 24. c4 Rac8 25. c5 Rd5 26. Nc4 Bf7 27. Nd6 Rc7 28. Re5 Kf8 29. Kf2 b6 30. Ke3 bxc5 31. dxc5 Rxe5+ 32. fxe5 Ke7 33. g3 Bg6 34. Kf4 Kf8 35. Rb3 Rg7 36. Rb8+ Ke7 37. Rb7+ Kf8 38. Rxg7 Kxg7 39. Nc8 a6 40. b4 Kf8 41. Nd6 Ke7 42. a4 Kd7 43. Kg5 Be8 44. Nxe8 Kxe8 45. Kxh5 Kf7 46. Kg5 Kg7 47. b5 axb5 48. axb5 cxb5 49. c6 b4 50. c7 b3 51. c8Q b2 52. Qd7+ Kf8 53. Kf6 b1Q 54. Qd8# 1-0